Catálogo

Vista normal Vista MARC

Entrada Personal Name

Número de registros utilizados en: 1

001 - CONTROL NUMBER

  • control field: 13670

003 - CONTROL NUMBER IDENTIFIER

  • control field: DLC

005 - DATE AND TIME OF LATEST TRANSACTION

  • control field: 20230125105914.0

008 - FIXED-LENGTH DATA ELEMENTS

  • fixed length control field: 910223n| azannaabn |n aaa

010 ## - LIBRARY OF CONGRESS CONTROL NUMBER

  • LC control number: n 91019037

035 ## - SYSTEM CONTROL NUMBER

  • System control number: (OCoLC)oca02901320

040 ## - CATALOGING SOURCE

  • Original cataloging agency: DLC
  • Language of cataloging: spa
  • Description conventions: rda
  • Transcribing agency: DLC
  • Modifying agency: Uk
  • Modifying agency: DLC
  • Modifying agency: IlMpPL
  • Modifying agency: Mx-PuUPA

100 1# - HEADING--PERSONAL NAME

  • Personal name: Costantino, Maria,

370 ## - ASSOCIATED PLACE

  • Place of birth: Chicago, Ill.
  • Associated country: U.K.
  • Place of residence/headquarters: Sussex, England

375 ## - GENDER

  • Gender: mujer

377 ## - ASSOCIATED LANGUAGE

  • Language code: eng

670 ## - SOURCE DATA FOUND

  • Source citation: Her Fashions of a decade. The 1930s, c1992:
  • Information found: CIP title page (Maria Costantino)

670 ## - SOURCE DATA FOUND

  • Source citation: DIY manual, 2009:
  • Information found: title page (Maria Constantino)

670 ## - SOURCE DATA FOUND

  • Source citation: Vinegar, 2017:
  • Information found: title page (Maria Costantino) page 3 of cover (Maria Costantino; born in Chicago, Illinois and has written such titles as The Handbook: Household Hints and Tips, DIY Encyclopedia, The Knot Handbook, First Aid Pocket Guide and many other books on food, drink, art, design and fashion; teaches Historical, Critical and Theoretical Studies; now lives by the sea in Sussex)

670 ## - SOURCE DATA FOUND

  • Source citation: Picasso : posters, 1991:
  • Information found: portada (María Costantino).